Statistics for General Knowledge Quiz #199

Click here to take the quiz!

General Stats

  • This quiz has been taken 43,296 times
  • The average score is 12 of 20

Answer Stats

QuestionAnswer% Correct
Whose diary started in 1942 and ended abruptly in 1944?Anne Frank's
91%
What sisters have twice been ranked #1 and #2 in women's singles tennis?Venus and Serena
Williams
87%
In what country was most of "The Lord of the Rings" filmed?New Zealand
86%
What treaty did Germany sign with the Allied Powers in 1919 - putting an end to WWI?Treaty of {Versailles}
84%
What is something used by a blacksmith that might also be dropped on a
cartoon character for comic effect?
Anvil
83%
What is the female version of a warlock?Witch
74%
Name a country, other than Russia, that has Russian as an official language.Belarus /
Kazakhstan /
Kyrgyzstan
72%
What item could be a Yamaha, Triumph, or Indian?Motorcycle
70%
What famous fictional character was created by author Ian Fleming?James Bond
69%
Who ran the Chicago outfit in the 1920s?Al Capone
61%
What were the first names of the Wright brothers?Orville
55%
What is the only rank in the U.S. army that doesn't have the letter A?Colonel
52%
What rock band was founded by Nirvana drummer Dave Grohl
after the death of Kurt Cobain?
Foo Fighters
52%
What kind of "horse" do men use in gymnastics competitions?Pommel Horse
51%
What 1982 movie was the first major film role for Drew Barrymore?E.T.
48%
What country has had five republican periods - the first founded in 1792 and the
current one founded in 1958?
France
46%
What king is the most-mentioned person in the Bible, after Jesus?David
43%
What were the first names of the Wright brothers?Wilbur
43%
What city was home to Hammurabi, whose code of justice called for "an eye for an eye"?Babylon
30%
What Brazilian is the FIFA World Cup's all-time scoring leader, counting both men's
and women's divisions?
Marta
15%

Score Distribution

Percentile by Number Answered

Percent of People with Each Score

Your Score History

You have not taken this quiz